[Event "GRE-chT Online Rapid op 1st"]
[Site "Tornelo INT"]
[Date "2021.02.20"]
[Round "3.1"]
[White "Giannoulakis, Labros"]
[Black "Apostolakakis, Konstantinos"]
[Result "1-0"]
[WhiteElo "2325"]
[BlackElo "2074"]
[PlyCount "65"]
[EventDate "2021.02.20"]
[EventType "team-swiss (rapid)"]
[EventRounds "9"]
[EventCountry "GRE"]
[SourceTitle "EXT 2023"]
[Source "ChessBase"]
[SourceDate "2022.10.05"]
[SourceVersion "1"]
[SourceVersionDate "2022.10.05"]
[SourceQuality "1"]

1. d4 Nf6 2. c4 e6 3. Nc3 Bb4 4. e3 0-0 5. Bd3 d5 6. a3 Bxc3+ 7. bxc3 b6 8. cxd5 exd5 9. Ne2 Re8 10. 0-0 Bb7 11. Ng3 Nbd7 12. f3 c5 13. Qd2 Rc8 14. Bb2 Nf8 15. Rae1 cxd4 16. cxd4 h5 17. Qf2 Ne6 18. Nf5 g6 19. Qg3 Rc7 20. e4 h4 21. Qxh4 gxf5 22. exf5 Ng7 23. g4 Rce7 24. Re5 Nd7 25. f6 Nxf6 26. Qxf6 Rxe5 27. dxe5 Qxf6 28. exf6 Ne6 29. Re1 Rd8 30. Kf2 Nf4 31. Bf5 Bc8 32. Bb1 Be6 33. Kg3 1-0

[Event "Kavala op 28th"]
[Site "Kavala"]
[Date "2019.08.08"]
[Round "6"]
[White "Gevorgyan, Maria"]
[Black "Apostolakakis, Konstantinos"]
[Result "1/2-1/2"]
[WhiteElo "2271"]
[BlackElo "2061"]
[PlyCount "92"]
[EventDate "2019.08.04"]
[EventType "swiss"]
[EventRounds "9"]
[EventCountry "GRE"]
[SourceTitle "CBM 191 Extra"]
[Source "ChessBase"]
[SourceDate "2019.09.30"]
[SourceVersion "1"]
[SourceVersionDate "2019.09.30"]
[SourceQuality "1"]

1. e4 c5 2. Nc3 a6 3. Nf3 d6 4. d4 cxd4 5. Nxd4 Nf6 6. f3 e5 7. Nb3 Be6 8. Bg5 Nbd7 9. Qd2 Be7 10. a4 Rc8 11. a5 d5 12. exd5 Nxd5 13. Bxe7 Nxe7 14. Ne4 0-0 15. Bd3 Bxb3 16. cxb3 Nc5 17. Bc4 Nxe4 18. fxe4 Nc6 19. Qxd8 Rfxd8 20. 0-0 Rc7 21. Rf2 Kf8 22. g4 f6 23. g5 Rd6 24. Rf3 Nd4 25. Rh3 g6 26. Rf1 f5 27. Rc3 f4 28. Kf2 Nc6 29. Bd5 Rcd7 30. Rc5 Ne7 31. Rd1 Nxd5 32. exd5 e4 33. Rd4 Re7 34. Rcc4 Re5 35. Rxe4 Rxe4 36. Rxe4 Rxd5 37. Rxf4+ Ke7 38. Rh4 Rxg5 39. Rxh7+ Kf6 40. b4 Rb5 41. Rh4 b6 42. Rf4+ Kg5 43. Rc4 Rf5+ 44. Ke3 bxa5 45. bxa5 Rxa5 46. Kf3 Rb5 1/2-1/2

[Event "Kavala op 28th"]
[Site "Kavala"]
[Date "2019.08.04"]
[Round "1"]
[White "Osmak, Iulija"]
[Black "Apostolakakis, Konstantinos"]
[Result "1-0"]
[WhiteElo "2414"]
[BlackElo "2061"]
[PlyCount "83"]
[EventDate "2019.08.04"]
[EventType "swiss"]
[EventRounds "9"]
[EventCountry "GRE"]
[SourceTitle "CBM 191 Extra"]
[Source "ChessBase"]
[SourceDate "2019.09.30"]
[SourceVersion "1"]
[SourceVersionDate "2019.09.30"]
[SourceQuality "1"]

1. d4 Nf6 2. Bf4 e6 3. e3 b6 4. Qf3 d5 5. Nc3 a6 6. g4 Bb4 7. Bd3 Bb7 8. g5 Ne4 9. Bxe4 dxe4 10. Qg3 Bd6 11. Nge2 Qe7 12. 0-0-0 Nd7 13. Bxd6 Qxd6 14. d5 Qxg3 15. Nxg3 exd5 16. Nxd5 0-0-0 17. Nxe4 Rhe8 18. Nec3 Nc5 19. Rhg1 b5 20. Rg4 Re5 21. Rgd4 Kb8 22. h4 Ne6 23. R4d2 Nc5 24. a3 Rd6 25. Nf4 Rxd2 26. Rxd2 Kc8 27. Rd4 h6 28. gxh6 gxh6 29. Kd2 Nd7 30. Nd3 Rf5 31. Ne2 c5 32. Ng3 Rf6 33. Rf4 Rxf4 34. Nxf4 Ne5 35. h5 Ng4 36. Ke2 Kd7 37. f3 Ne5 38. e4 f6 39. Nd3 Nxd3 40. Kxd3 Ke6 41. Nf5 Ke5 42. Ke3 1-0

[Event "GRE-chT 46th"]
[Site "Rio Achaia"]
[Date "2018.07.13"]
[Round "5.1"]
[White "Kouskoutis, Georgios Alexandros"]
[Black "Apostolakakis, Konstantinos"]
[Result "1-0"]
[WhiteElo "2307"]
[BlackElo "2028"]
[PlyCount "95"]
[EventDate "2018.07.10"]
[EventType "team"]
[EventRounds "7"]
[EventCountry "GRE"]
[SourceTitle "CBM 185 Extra"]
[Source "ChessBase"]
[SourceDate "2018.07.29"]
[SourceVersion "1"]
[SourceVersionDate "2018.07.29"]
[SourceQuality "1"]
[WhiteTeam "Nikaia Fysiolatris"]
[BlackTeam "Kavalas"]
[WhiteTeamCountry "GRE"]
[BlackTeamCountry "GRE"]

1. c4 c5 2. g3 Nc6 3. Bg2 g6 4. Nc3 Bg7 5. e3 e5 6. Nge2 Nge7 7. 0-0 0-0 8. a3 d6 9. d3 Rb8 10. b4 cxb4 11. axb4 Nxb4 12. Rxa7 Na6 13. Ba3 Qb6 14. Nb5 Nc6 15. Rxa6 bxa6 16. Nxd6 Bd7 17. Ne4 Rfd8 18. Bd6 Rbc8 19. N2c3 Be6 20. c5 Qa5 21. Na4 Nb4 22. Ng5 Ba2 23. Nc3 Rxd6 24. Nxa2 Qxc5 25. Nxf7 Kxf7 26. Qb3+ Nd5 27. Nb4 Rb8 28. Bxd5+ Kf8 29. Nxa6 Rxb3 30. Nxc5 Rb5 31. Ne6+ Kg8 32. Bc4 Rb4 33. Ng5+ Kf8 34. Nxh7+ Ke7 35. Ng5 Rdb6 36. Ne4 Rb1 37. Rxb1 Rxb1+ 38. Kg2 Rb6 39. h4 Bh6 40. Kf3 Bg7 41. Ng5 Bf6 42. Nf7 Rb4 43. Nh6 Bg7 44. Ng4 Rb6 45. Ke4 Kd6 46. f4 exf4 47. exf4 Rb8 48. Bf7 1-0

[Event "GRE-chT 44th"]
[Site "Achaia"]
[Date "2016.07.09"]
[Round "6.1"]
[White "Drakoulakos, Grigorios"]
[Black "Apostolakakis, Konstantinos"]
[Result "1-0"]
[WhiteElo "2270"]
[BlackElo "2033"]
[PlyCount "69"]
[EventDate "2016.07.05"]
[EventType "team-swiss"]
[EventRounds "7"]
[EventCountry "GRE"]
[SourceTitle "CBM 173 Extra"]
[Source "ChessBase"]
[SourceDate "2016.08.29"]
[SourceVersion "1"]
[SourceVersionDate "2016.08.29"]
[SourceQuality "1"]
[WhiteTeam "Peristeriou CP"]
[BlackTeam "Kavalas SO"]
[WhiteTeamCountry "GRE"]
[BlackTeamCountry "GRE"]

1. Nf3 Nf6 2. c4 e6 3. g3 d5 4. Bg2 Be7 5. 0-0 0-0 6. d4 dxc4 7. Qc2 a6 8. Qxc4 b5 9. Qc2 Bb7 10. Bd2 Nc6 11. e3 Nb4 12. Bxb4 Bxb4 13. Nbd2 Rc8 14. Nb3 Be4 15. Qd1 Qd5 16. Rc1 Rfd8 17. a3 Be7 18. Nbd2 Qh5 19. Nxe4 Nxe4 20. Ne5 Qxd1 21. Rfxd1 Nd6 22. Rc6 a5 23. Rdc1 f6 24. Nd3 Nc4 25. Bh3 f5 26. Rxe6 Bg5 27. Bxf5 Rf8 28. Bh3 Rcd8 29. a4 Nd2 30. Bg2 bxa4 31. Rxc7 Rc8 32. Rec6 Rxc7 33. Rxc7 Rb8 34. Bd5+ Kh8 35. Ra7 1-0

[Event "GRE-ch U16"]
[Site "Kavala"]
[Date "2016.01.05"]
[Round "6"]
[White "Kalogeris, Ioannis"]
[Black "Apostolakakis, Konstantinos"]
[Result "1-0"]
[WhiteElo "2260"]
[BlackElo "2008"]
[PlyCount "57"]
[EventDate "2016.01.02"]
[EventType "swiss"]
[EventRounds "9"]
[EventCountry "GRE"]
[SourceTitle "EXT 2024"]
[Source "ChessBase"]
[SourceDate "2023.10.10"]
[SourceVersion "1"]
[SourceVersionDate "2023.10.10"]
[SourceQuality "1"]

1. d4 d5 2. Bf4 Nc6 3. e3 Bf5 4. Bd3 Bg6 5. Nf3 Nf6 6. 0-0 e6 7. Bb5 Bh5 8. c4 Bd6 9. Bg5 0-0 10. Nbd2 h6 11. Bxf6 Qxf6 12. c5 e5 13. cxd6 e4 14. dxc7 Rac8 15. Rc1 Rxc7 16. Be2 exf3 17. Bxf3 Bxf3 18. Nxf3 Rfc8 19. Rc3 Qf5 20. h3 Nb4 21. Qa4 Rxc3 22. bxc3 Nc6 23. Qb5 Qd7 24. Rb1 b6 25. Nd2 Qe6 26. c4 dxc4 27. d5 Qd6 28. Nxc4 Qd7 29. Nd2 1-0

[Event "GRE-ch U16"]
[Site "Kavala"]
[Date "2016.01.03"]
[Round "2"]
[White "Apostolakakis, Konstantinos"]
[Black "Tsiros, Fragkiskos Vlasios"]
[Result "1/2-1/2"]
[WhiteElo "2008"]
[BlackElo "2170"]
[PlyCount "59"]
[EventDate "2016.01.02"]
[EventType "swiss"]
[EventRounds "9"]
[EventCountry "GRE"]
[SourceTitle "EXT 2024"]
[Source "ChessBase"]
[SourceDate "2023.10.10"]
[SourceVersion "1"]
[SourceVersionDate "2023.10.10"]
[SourceQuality "1"]

1. e4 d6 2. d4 Nf6 3. Bd3 g6 4. f3 Bg7 5. Ne2 0-0 6. 0-0 e5 7. c3 Nbd7 8. Bg5 h6 9. Be3 d5 10. Ng3 Qe7 11. Re1 c5 12. Bf2 dxe4 13. Nxe4 Nxe4 14. Bxe4 cxd4 15. cxd4 Qb4 16. Qd2 Qxd2 17. Nxd2 exd4 18. Nb3 d3 19. Bxd3 Bxb2 20. Rab1 Bg7 21. Nc5 Nf6 22. Nxb7 Be6 23. a4 Nd5 24. Nc5 Nf4 25. Nxe6 Nxd3 26. Nxf8 Nxe1 27. Nxg6 Nxf3+ 28. gxf3 fxg6 29. Rb7 a6 30. Rb6 1/2-1/2

[Event "GRE-chT 43rd"]
[Site "Porto Rio"]
[Date "2015.10.08"]
[Round "1.5"]
[White "Apostolakakis, Konstantinos"]
[Black "Georgakopoulos, Nikolaos K"]
[Result "1-0"]
[WhiteElo "1975"]
[BlackElo "2044"]
[PlyCount "103"]
[EventDate "2015.10.08"]
[EventType "team-swiss"]
[EventRounds "7"]
[EventCountry "GRE"]
[SourceTitle "CBM 168 Extra"]
[Source "ChessBase"]
[SourceDate "2015.10.29"]
[SourceVersion "1"]
[SourceVersionDate "2015.10.29"]
[SourceQuality "1"]
[WhiteTeam "Kavalas OFS"]
[BlackTeam "Chania ADA"]
[WhiteTeamCountry "GRE"]
[BlackTeamCountry "GRE"]

1. d4 d5 2. Nf3 e6 3. Bf4 Nf6 4. e3 c5 5. c3 Nc6 6. Nbd2 Bd6 7. Bg3 0-0 8. Bd3 b6 9. Ne5 Bb7 10. f4 Ne7 11. Qf3 Ne8 12. Bh4 f6 13. Qh3 Bc8 14. g4 g6 15. Nef3 Qc7 16. Bg3 Nc6 17. Qg2 cxd4 18. Nxd4 Nxd4 19. cxd4 Ng7 20. h4 Bb7 21. h5 g5 22. h6 Ne8 23. 0-0 Qe7 24. Nf3 Rc8 25. fxg5 fxg5 26. Bxd6 Nxd6 27. Ne5 Ne4 28. Qh2 a6 29. a3 Rxf1+ 30. Rxf1 Rf8 31. Rxf8+ Qxf8 32. Bxe4 dxe4 33. Nd7 Qc8 34. Nf6+ Kf7 35. Qf2 Kg6 36. Nh5 Qd8 37. Ng7 Kxh6 38. Nxe6 Qe7 39. Qh2+ Kg6 40. Qh5+ Kf6 41. Nxg5 Qg7 42. Nxh7+ Ke7 43. Qg5+ Qxg5 44. Nxg5 Kf6 45. Nh3 Bc8 46. Nf2 Kg5 47. Kg2 Kh4 48. Nxe4 Kxg4 49. Nf2+ Kf5 50. Kf3 Bb7+ 51. e4+ Ke6 52. Kf4 1-0

[Event "GRE-ch U16"]
[Site "Rio Achaia"]
[Date "2015.06.30"]
[Round "7.12"]
[White "Apostolakakis, Konstantinos"]
[Black "Pasoglou, Ekaterini"]
[Result "1/2-1/2"]
[WhiteElo "1996"]
[BlackElo "1713"]
[PlyCount "161"]
[EventDate "2015.06.26"]
[EventType "swiss"]
[EventRounds "9"]
[EventCountry "GRE"]
[SourceTitle "EXT 2024"]
[Source "ChessBase"]
[SourceDate "2023.10.10"]
[SourceVersion "1"]
[SourceVersionDate "2023.10.10"]
[SourceQuality "1"]

1. e4 c5 2. Nf3 Nc6 3. Bb5 g6 4. 0-0 Bg7 5. c3 a6 6. Bxc6 dxc6 7. h3 Nf6 8. Re1 0-0 9. d4 cxd4 10. cxd4 h6 11. Nc3 Be6 12. Be3 Qa5 13. Qd2 Kh7 14. Rad1 Rfd8 15. Qc2 Qh5 16. Ne2 Qb5 17. b3 Bd7 18. Ne5 Be8 19. Nc3 Qa5 20. Nc4 Qc7 21. d5 Nd7 22. d6 exd6 23. Nxd6 Ne5 24. Nxe8 Rxe8 25. Nd5 Qa5 26. Bb6 Qxe1+ 27. Rxe1 cxd5 28. Bd4 dxe4 29. Rxe4 Nc6 30. Bxg7 Rxe4 31. Qxe4 Kxg7 32. f4 Rd8 33. f5 Rd4 34. Qf3 gxf5 35. Qxf5 Rd1+ 36. Kh2 Rd4 37. a3 Rd8 38. b4 Re8 39. a4 Re5 40. Qc8 Re7 41. b5 axb5 42. axb5 Ne5 43. Qd8 Rd7 44. Qb6 f6 45. Kg3 Nc4 46. Qe6 Ne5 47. Kf2 Rf7 48. g4 Nd3+ 49. Ke3 Nc5 50. Qd5 Re7+ 51. Kf3 Ne6 52. h4 Nf8 53. g5 fxg5 54. hxg5 hxg5 55. Qxg5+ Ng6 56. Qc5 Kf7 57. Kg4 Re4+ 58. Kf3 Re7 59. Qd5+ Kg7 60. Kg4 Ne5+ 61. Kf5 Nf7 62. Qg2+ Kf8 63. Kf6 Ke8 64. Qg8+ Kd7 65. Qg4+ Kd8 66. b6 Ne5 67. Qg8+ Kd7 68. Qd5+ Ke8 69. Qd6 Nc6 70. Qd5 Ne5 71. Qg8+ Kd7 72. Qb8 Re6+ 73. Kf5 Rxb6 74. Kxe5 Rb5+ 75. Kd4 Kc6 76. Qe8+ Kb6 77. Qe6+ Kc7 78. Kc4 Rb6 79. Qe7+ Kb8 80. Qd8+ Ka7 81. Qd4 1/2-1/2

[Event "GRE-ch U16"]
[Site "Rio Achaia"]
[Date "2015.06.29"]
[Round "5.13"]
[White "Apostolakakis, Konstantinos"]
[Black "Dalipis, Nikolaos"]
[Result "1/2-1/2"]
[WhiteElo "1996"]
[BlackElo "1850"]
[PlyCount "83"]
[EventDate "2015.06.26"]
[EventType "swiss"]
[EventRounds "9"]
[EventCountry "GRE"]
[SourceTitle "EXT 2024"]
[Source "ChessBase"]
[SourceDate "2023.10.10"]
[SourceVersion "1"]
[SourceVersionDate "2023.10.10"]
[SourceQuality "1"]

1. e4 c5 2. Nf3 e6 3. c3 Nf6 4. e5 Nd5 5. Bc4 Nc7 6. 0-0 d6 7. d4 cxd4 8. cxd4 Be7 9. Nc3 0-0 10. Bf4 d5 11. Bd3 b6 12. Re1 Ba6 13. Bc2 Nc6 14. Re3 g6 15. h3 Rc8 16. Bh6 Re8 17. Nh2 Bf8 18. Bxf8 Rxf8 19. Ng4 Ne8 20. Rg3 f5 21. exf6 Nxf6 22. Ne5 Nxe5 23. dxe5 d4 24. Na4 Nd5 25. Bxg6 hxg6 26. Rxg6+ Kf7 27. Qh5 Nf4 28. Rf6+ Ke7 29. Rxf4 Rxf4 30. Qg5+ Ke8 31. Qxf4 b5 32. Qg4 Qd5 33. Qg8+ Ke7 34. Qg7+ Ke8 35. Qg8+ Ke7 36. Qh7+ Ke8 37. Qh5+ Ke7 38. Qh7+ Ke8 39. Qh8+ Ke7 40. Qf6+ Ke8 41. Qh8+ Kf7 42. Qh7+ 1/2-1/2

[Event "GRE-ch U18"]
[Site "Kavala"]
[Date "2015.01.03"]
[Round "2"]
[White "Apostolakakis, Konstantinos"]
[Black "Tsaknakis, Zisis"]
[Result "1/2-1/2"]
[WhiteElo "2004"]
[BlackElo "2276"]
[PlyCount "88"]
[EventDate "2015.01.02"]
[EventType "swiss"]
[EventRounds "9"]
[EventCountry "GRE"]
[SourceTitle "EXT 2024"]
[Source "ChessBase"]
[SourceDate "2023.10.10"]
[SourceVersion "1"]
[SourceVersionDate "2023.10.10"]
[SourceQuality "1"]

1. e4 c5 2. Nf3 d6 3. Bb5+ Nd7 4. 0-0 a6 5. Bd3 Ngf6 6. c3 b5 7. Bc2 Bb7 8. Re1 e6 9. d4 cxd4 10. cxd4 Be7 11. a3 0-0 12. Nc3 Rc8 13. Qd3 g6 14. Bh6 Re8 15. Rad1 Nb6 16. Bb3 Nc4 17. Bxc4 bxc4 18. Qe2 d5 19. e5 Ne4 20. Qc2 Nxc3 21. Qxc3 Bc6 22. Bd2 Ba4 23. Rb1 Rb8 24. Qe3 Bc2 25. Rbc1 Be4 26. Bc3 Rb7 27. Nd2 Bf5 28. Nf1 a5 29. f4 a4 30. Re2 f6 31. Ng3 Bd3 32. Rf2 Rb5 33. exf6 Bxf6 34. Re1 Rb8 35. Nf1 Qd7 36. Nd2 Qg7 37. Nf3 Be4 38. Ne5 Rb7 39. Ref1 Bh4 40. g3 Bf6 41. Bb4 Be7 42. Bc3 Bf6 43. Bb4 Be7 44. Bc3 Bf6 1/2-1/2